| 000 | 00330nam a22001217a 4500 | ||
|---|---|---|---|
| 008 | 140417t xxu||||| |||| 00| 0 eng d | ||
| 020 | _a9780878938230 | ||
| 100 |
_aLincoln Taiz & Eduardo Zeiger _9820 |
||
| 245 |
_aPlant Physiology _cby Lincoln Taiz & Eduardo Zeiger |
||
| 250 | _a3rd Ed. | ||
| 300 | _a623 p. | ||
| 942 |
_2ddc _cBK |
||
| 999 |
_c479507 _d479507 |
||